000 00271nam a22001097a 4500
008 170124b xxu||||| |||| 00| 0 eng d
020 _a9780838522837
041 _aeng
080 _24TH
_a618.2
245 _aETHICAL DILEMMAS & NURSING PRACTICE
_cDAVIS, A.J
942 _2udc
_cBK
999 _c3542
_d3542